| 000 | 00916nam a2200193Ia 4500 | ||
|---|---|---|---|
| 008 | 000000[1991?] sw ad 0000000000mul00 | ||
| 090 | _aPSW00 L68l1 | ||
| 245 | 1 | 0 | _aLou LaurinLam |
| 300 |
_a18 p. _c/ 29 cm. |
||
| 500 | _aTítulo tomado de la carátula \ Incluye cronología del artista \ Texto bilingue : sueco inglés \ Registro auspiciado por la FGAA. Bogotá | ||
| 505 | _aOBRAS : Ying and yang La prince des penseurs, hommage á Pierre Brisset Le macho, Grenouille Nácken Hásten Tre drunknande prinsessor The dancing princess La trinité Den svenska ensamheten Virginia Woolf Till bords Ugoline | ||
| 600 | 0 | 0 |
_aLAURIN LAM, LOU, 1934/ _xTRABAJOS PICTORICOS |
| 650 | 1 | 4 | _aARTE CONTEMPORANEO SUECO |
| 650 | 1 | 4 | _aARTISTAS PLASTICOS SUECOS |
| 650 | 1 | 4 | _xCATALOGOS |
| 650 | 1 | 4 | _aPINTORES SUECOS |
| 650 | 1 | 4 | _aPINTURA SUECA |
| 999 |
_c10829 _d10829 |
||
| 260 |
_aHelsingborg (Suecia) : Galleri G _c1991 |
||